000 00279nam a22001337a 4500
008 170331b xxu||||| |||| 00| 0 eng d
020 _a9780071749466
041 _aeng
080 _a617
100 _a8
101 _aSHM
245 _aNURO OPTHAMOLOGY
_cGARG.A
942 _2udc
_cBK
999 _c9353
_d9353